Estudio taxonómico sobre Desmidiaceae (Chlorophyta) del sur de la provincia de Buenos Aires /
Guardado en:
| Autor Principal: | |
|---|---|
| Autor Corporativo: | |
| Otros Autores: | |
| Formato: | Libro |
| Idioma: | Spanish |
| Publicado: |
2003.
|
| Materias: | |
| Etiquetas: |
Agregar Etiqueta
Sin Etiquetas, Sea el primero en etiquetar este registro!
|
| LEADER | 01071nam a22002655a 4500 | ||
|---|---|---|---|
| 001 | EUN.eunm000053 | ||
| 008 | 040226s2003####ag#a#####b####000#0#spa#d | ||
| 005 | 20251013155838.0 | ||
| 245 | 1 | 0 | |a Estudio taxonómico sobre Desmidiaceae (Chlorophyta) del sur de la provincia de Buenos Aires / |c Mónica Raquel Rodríguez ; dirigida por Patricia Inés Leonardi. |
| 260 | |c 2003. | ||
| 300 | |a 41 h. : |b il. ; |c 30 cm. | ||
| 500 | |a Director de tesina: Patricia Inés Leonardi. | ||
| 502 | |a Tesina (Licenciatura) -- Universidad Nacional del Sur. Departamento de Biología, Bioquímica y Farmacia, 2003. | ||
| 504 | |a Bibliografía: p. 20-27. | ||
| 100 | 1 | |a Rodríguez, Mónica Raquel. | |
| 700 | 1 | |a Leonardi, Patricia Inés, |e dir. de tesina. | |
| 710 | 2 | |a Universidad Nacional del Sur. | |
| 082 | 0 | 4 | |a 589.47 |2 19 |
| 650 | 7 | |a Botánica |2 Unbis | |
| 650 | 7 | |a Algas |2 Unbis | |
| 651 | 0 | |a Buenos Aires (Argentina) | |
| 653 | |a Tesinas | ||
| 653 | |a Desmidiaceae | ||
| 653 | |a Buenos Aires (Argentina : Provincia) | ||
| 859 | |a AR-BaUNS |b BIB. CENTRAL - Sector A |h 589.47 |i R618 |p 129106/025 |t Ej.2 | ||
